000 00195nam a2200085Ia 4500
008 210107s9999 xx 000 0 und d
100 _aDhar, J.K.
245 0 _aBasic Marine Engineering
942 _cBK
999 _c11396
_d11396